Asia GDP Country Map Quiz - Statistics

General Stats
  • This quiz has been taken 19 times
  • The average score is 6 of 48
Answers on the Map
Answers color-coded by a green-red scale on the quiz's map according to % correct below.
 
Answer Stats
Answer % Correct
$14,861 trillion
64%
$1,089 trillion
50%
$1,587 trillion
50%
$2,593 trillion
43%
$4,911 trillion
29%
$635,547 billion
21%
$680,897 billion
21%
$147,791 billion
14%
$1,920 billion
14%
$383,425 billion
14%
$4,712 billion
14%
$509,200 billion
14%
$610,662 billion
14%
$649,436 billion
14%
$70,890 billion
14%
$7,480 billion
14%
$7,898 billion
14%
$81,120 billion
14%
$10,647 billion
7%
$108,656 billion
7%
$16,331 billion
7%
$165,730 billion
7%
$178,112 billion
7%
$18,653 billion
7%
$18,734 billion
7%
$19,006 billion
7%
$20,379 billion
7%
$20,948 billion
7%
$23.246 billion
7%
$2,587 billion
7%
$26,316 billion
7%
$284,214 billion
7%
$317,768 billion
7%
$32,158 billion
7%
$336,330 billion
7%
$337,451 billion
7%
$340,602 billion
7%
$34,624 billion
7%
$353,899 billion
7%
$367,362 billion
7%
$41.666 billion
7%
$42,609 billion
7%
$47,986 billion
7%
$59,771 billion
7%
$62,305 billion
7%
$12.813 billion
0%
$13,385 billion
0%
$16.316 billion
0%
No matching quizzes found
Score Distribution
Percent of People with Each Score
Percentile by Number Answered
Your Score History
You have not taken this quiz